|
|
|
|
| LEADER |
01173nam a2200253 a 4500 |
| 001 |
GR-Patra26493 |
| 003 |
GR-PaULI |
| 005 |
20231221092325.0 |
| 008 |
050204s2006 enka e b 001 b eng d |
| 020 |
|
|
|a 044310039X
|
| 040 |
|
|
|a GR-PaULI
|b gre
|c GR-PaULI
|e AACR2
|
| 082 |
0 |
4 |
|a 615.533
|2 23
|
| 100 |
1 |
|
|a Gibbons, Peter,
|c DO
|9 201442
|e συγγραφέας.
|
| 245 |
1 |
0 |
|a Manipulation of the spine, thorax, and pelvis :
|b an osteopathic perspective /
|c Peter Gibbons, Philip Tehan ; foreword by Philip E. Greenman ; photographs by Tim Turner.
|
| 250 |
|
|
|a 2nd ed.
|
| 260 |
|
|
|a Edinburgh ;
|a New York :
|b Churchill Livingstone,
|c 2006.
|
| 300 |
|
|
|a 269 σ. :
|b εικ. ;
|e 26 εκ.
|
| 504 |
|
|
|a Περιλαμβάνει βιβλιογραφίες και ευρετήριο.
|
| 650 |
|
4 |
|a Θώρακας
|9 32027
|x Ασθένειες.
|
| 650 |
|
4 |
|a Μάλαξη (Θεραπευτική)
|9 199085
|
| 700 |
1 |
|
|a Tehan, Philip
|9 201443
|e συγγραφέας.
|
| 942 |
|
|
|2 ddc
|c BK
|
| 952 |
|
|
|0 0
|1 0
|2 ddc
|4 0
|6 615_533000000000000_GIB
|7 0
|9 308842
|a LISP
|b LISP
|c BSC
|d 2021-01-17
|e
|f
|i 42185
|l 0
|o 615.533 GIB
|p 025000305436
|r 2021-01-17 00:00:00
|t 1
|w 0000-00-00
|y BK15
|x
|x
|x
|
| 999 |
|
|
|c 177924
|d 177924
|